| 000 | 00710nam a2200193Ia 4500 | ||
|---|---|---|---|
| 008 | 0000001991 sp a 0000000000spa00 | ||
| 090 | _aPSP00 F71f3 | ||
| 100 | 1 |
_aFragodo _d1948 |
|
| 245 | 1 | 0 |
_aFradogo _b: óleos, Barcelona 1991 |
| 300 |
_a[12] p. _c/ 15 cm. |
||
| 500 | _aExposición realizada en Pel and Ploma, Barcelona, Diciembre 3, 1991 Enero 30, 1992 \ Con el patronazgo del maestro venezolano Jesús Rafael Soto (q.e.p.d.) | ||
| 600 | 0 | 0 |
_aFRADOGO, 1948/ _xTRABAJOS PICTORICOS |
| 650 | 1 | 4 | _aARTE CONTEMPORANEO ESPAÑOL |
| 650 | 1 | 4 | _xCATALOGOS |
| 650 | 1 | 4 | _xEXPOSICIONES |
| 650 | 1 | 4 | _aPINTORES ESPAÑOLES |
| 650 | 1 | 4 | _aPINTURA ESPAÑOLA |
| 999 |
_c5757 _d5757 |
||
| 260 |
_aBarcelona : Lemia Art _c1991 |
||